000 00514nam a22001817a 4500
005 20251108171249.0
008 250721s1991 xx 000 0 ara d
082 1 4 _a657.64/مهي
100 1 _aالساعي، مهيب
245 1 0 _aعلم تدقيق الحسابات /
264 1 _aعمان :
_bدار الفكر للنشر و التوزيع،
_c1991.
300 _a299ص
650 1 7 _aالمحاسبة
650 1 7 _aالمراجع
700 1 _aعمرو، وهبي
942 _2ddc
_cBK
999 _c60808
_d60808